Square Roots in 15 Seconds - Statistics

General Stats
  • This quiz has been taken 118 times
  • The average score is 11 of 14
Answer Stats
Hint Answer % Correct
4 2
100%
16 4
100%
36 6
100%
49 7
96%
81 9
96%
225 15
93%
121 11
88%
1 1
87%
25 5
84%
144 12
76%
9 3
67%
196 14
46%
64 8
40%
256 16
28%
No matching quizzes found
Score Distribution
Percent of People with Each Score
Percentile by Number Answered
Your Score History
You have not taken this quiz